LEADER 01124nam0 22002893i 450 001 SUN0133716 005 20210416115746.964 010 $a978-07-00-61893-4$d0.00 017 70$2N$a9780700623181 100 $a20210416d2017 |0engc50 ba 101 $aeng 102 $aUS 105 $a|||| ||||| 200 1 $a*Before earth day$ethe origins of american environmental law, 1945-1970$fKarl Boyd Brooks 205 $aLawrence : University Press of Kansas, 2017 210 $aXXIII$d251 p.$cill. ; 24 cm 215 $aPubblicazione in formato elettronico 620 $dLawrence$3SUNL000119 676 $a344.73$v21 700 1$aBrooks$b, Karl Boyd$3SUNV107495$0792332 712 $aUniversity Press of Kansas$3SUNV010141$4650 801 $aIT$bSOL$c20210419$gRICA 856 4 $uhttp://search.ebscohost.com/login.aspx?direct=true&scope=site&db=nlebk&db=nlabk&AN=2108058 912 $aSUN0133716 950 $aUFFICIO DI BIBLIOTECA DEL DIPARTIMENTO DI ECONOMIA$d03CONS EBOOK Eco $e03EB 45 20210416 996 $aBefore earth day$91771657 997 $aUNICAMPANIA LEADER 01216nam 2200301Ia 450 001 996397194103316 005 20210104172034.0 035 $a(CKB)4940000000063453 035 $a(EEBO)2240865702 035 $a(OCoLC)ocn767615094e 035 $a(OCoLC)767615094 035 $a(EXLCZ)994940000000063453 100 $a20111206d1648 uy 0 101 0 $aeng 135 $aurbn||||a|bb| 200 14$aThe humble representation of the Commissioners of the Generall Assembly to the honorable estates of Parliament; upon their declaration lately communicated to us$b[electronic resource] /$fsubscribitur, A. Ker 210 $aLondon, $cPrinted for John Dallom dwelling in Black-friers.$d1648 215 $a24 p 300 $aReproduction of original in: Edinburgh University Library. 330 $aeebo-0046 607 $aGreat Britain$xPolitics and government$y1642-1649$vEarly works to 1800 701 $aKer$b A$01001307 801 0$bUMI 801 1$bUMI 906 $aBOOK 912 $a996397194103316 996 $aThe humble representation of the Commissioners of the generall assembly to the honorable estates of Parliament upon their declaration lately communicated to us$92394431 997 $aUNISA